American Serial Killers By Number of Victims - Statistics

General Stats
  • This quiz has been taken 741 times
  • The average score is 3 of 21
Answer Stats
# Serial Killer % Correct
35 Ted Bundy
95%
33 John Wayne Gacy
78%
16 Jeffrey Dahmer
77%
49 Gary Ridgway
38%
29 Dean Corll
7%
24 Wayne Williams
5%
18 Paul John Knowles
4%
16 Randy Steven Kraft
4%
21 William Bonin
4%
25 Juan Vallejo Corona
3%
21 Patrick Kearney
3%
15 Atlanta Ripper
2%
16 Carroll Cole
2%
22 Earle Nelson
2%
15 Robert Hansen
2%
23 Ronald Dominique
2%
16 Charles Ray Hatcher
1%
15 Chester Turner
1%
19 Larry Eyler
1%
18 Randall Woodfield
1%
16 Robert Lee Yates
1%
No matching quizzes found
Score Distribution
Percent of People with Each Score
Percentile by Number Answered
Your Score History
You have not taken this quiz